Are our Moscow reporters giving us the facts about the USSR? / (Record no. 1199)

MARC details
000 -LEADER
fixed length control field 01096cam a2200325 a 4500
001 - CONTROL NUMBER
control field 2336653
003 - CONTROL NUMBER IDENTIFIER
control field OSt
005 - DATE AND TIME OF LATEST TRANSACTION
control field 20230619102636.0
008 - FIXED-LENGTH DATA ELEMENTS--GENERAL INFORMATION
fixed length control field 820223s1981 ru abf 000 0 eng
010 ## - LIBRARY OF CONGRESS CONTROL NUMBER
LC control number 82121191
040 ## - CATALOGING SOURCE
Original cataloging agency DLC
Transcribing agency DLC
Modifying agency DLC
043 ## - GEOGRAPHIC AREA CODE
Geographic area code e-ur---
-- n-us---
050 00 - LIBRARY OF CONGRESS CALL NUMBER
Classification number PN5277.R5
Item number B66 1981
082 00 - DEWEY DECIMAL CLASSIFICATION NUMBER
Classification number 070.43
Edition number 19
Item number BON
100 1# - MAIN ENTRY--PERSONAL NAME
Personal name Bonosky, Phillip.
245 10 - TITLE STATEMENT
Title Are our Moscow reporters giving us the facts about the USSR? /
Statement of responsibility, etc. Phillip Bonosky.
260 ## - PUBLICATION, DISTRIBUTION, ETC. (IMPRINT)
Place of publication, distribution, etc. Moscow :
Name of publisher, distributor, etc. Progress Publishers,
Date of publication, distribution, etc. c1981.
300 ## - PHYSICAL DESCRIPTION
Extent 261 p., [52] p. of plates :
Other physical details ill., maps ;
Dimensions 21 cm.
490 1# - SERIES STATEMENT
Series statement Impressions of the U.S.S.R.
500 ## - GENERAL NOTE
General note Maps on lining papers.
650 #0 - SUBJECT ADDED ENTRY--TOPICAL TERM
Topical term or geographic name as entry element Reporters and reporting
Geographic subdivision Soviet Union.
650 #0 - SUBJECT ADDED ENTRY--TOPICAL TERM
Topical term or geographic name as entry element Foreign news
Geographic subdivision United States.
650 #0 - SUBJECT ADDED ENTRY--TOPICAL TERM
Topical term or geographic name as entry element Foreign correspondents
Geographic subdivision Soviet Union.
650 #0 - SUBJECT ADDED ENTRY--TOPICAL TERM
Topical term or geographic name as entry element Public opinion
Geographic subdivision United States.
651 #0 - SUBJECT ADDED ENTRY--GEOGRAPHIC NAME
Geographic name Soviet Union
General subdivision Foreign public opinion, American.
830 #0 - SERIES ADDED ENTRY--UNIFORM TITLE
Uniform title Impressions of the USSR.
906 ## - LOCAL DATA ELEMENT F, LDF (RLIN)
a 7
b cbc
c orignew
d 3
e ncip
f 19
g y-gencatlg
942 ## - ADDED ENTRY ELEMENTS (KOHA)
Source of classification or shelving scheme Dewey Decimal Classification
Koha item type Books
Holdings
Withdrawn status Lost status Source of classification or shelving scheme Damaged status Not for loan Home library Current library Date acquired Total Checkouts Full call number Barcode Date last seen Price effective from Koha item type
    Dewey Decimal Classification     County Hall Archives County Hall Archives 06/19/2023   070.43 BON 10000409 06/19/2023 06/19/2023 Books
LIBRARY OPENING HOURS

When the Parliament is sitting: 8.00a.m - 7.00p.m or until the house adjourns
Mondays and Fridays and when the House is on Recess:  8.00a.m - 5.00p.m
Closed on Weekends and Public Holidays

Online Public Access Catalog (OPAC)
Website: http://www.parliament.go.ke
Bunge Library: https://libraryir.parliament.go.ke
Contact: library@parliament.go.ke | Tel no: (254-2)2221291 or 2848000 Ext 5043